000 01482cam a22003857a 4500
003 CHAP
005 20220329142122.0
008 990816d1999 mx r 00110 spa d
010 _a78729
011 _a79701
035 _a90094
040 _cCHAP
090 _aTesis
100 0 0 _aAmador Herrera, Olga Patricia.
_95077
245 1 3 _aLa producción de maíz en el estado de Tabasco y perspectivas del Programa Elemental de Asistencia Técnica (PEAT) como instrumento de inducción tecnológica
_c/por Olga Patricia Amador Herrera
260 _aChapingo, Méx. :
_bEl autor,
_c1999.
300 _a75 h.
502 _aTesis (M.C. en Economía del Desarrollo Rural) -- UACH. División de Ciencias Económico Administrativas
590 _aALEPH
_b10
_c20130110
_lUCH01
_h1430
590 _aBATCH-UPD
_b10
_c20130110
_lUCH01
_h0421
590 _aBATCH-UPD
_b10
_c20130410
_lUCH01
_h0056
590 _aBATCH-UPD
_b10
_c20130914
_lUCH01
_h0301
590 _aBATCH-UPD
_b10
_c20130914
_lUCH01
_h2020
590 _aCONVERSION
_b10
_c20130109
_lUCH01
_h1344
650 1 4 _aAgricultura
_xInnovaciones tecnológicas.
_91565
650 1 4 _aAyuda técnica.
_99035
650 1 4 _aMaíz
_xRendimiento.
_971051
650 1 4 _aMaíz
_xTabasco.
_971065
901 _aBK
905 _aLilia Sánchez G.
942 _cFOLL
949 _bBC
_cTES
_d33724000716312
_eTS2
_fc.2
_h34241
_i90094
_sb
949 _bBC
_cTES
_d33724000752184
_eTS2
_fc.3
_h35568
_i90094
_si
949 _bBC
_cTES
_d900941
_eTS1
_h34241
_i90094
_sb
999 _c78729
_d78729